Queen of the Universe Queens - Statistics

General Stats
  • This quiz has been taken 116 times
    70 since last reset
  • The average score is 12 of 24
Answer Stats
Hint Answer % Correct
S1 Grag Queen
85%
S1 Jujubee
77%
S2 Aura Eternal
71%
S2 Taiga Brava
69%
S2 Love Masisi
65%
S1 La Voix
63%
S2 Maxie
62%
S1 Regina Voce
62%
S1 Leona Winter
56%
S2 Viola
56%
S1 Ada Vox
54%
S2 Chloe V
46%
S2 Jazell Royale
46%
S1 Gingzilla
44%
S1 Rani Ko-He-Nur
42%
S2 Trevor Ashley
42%
S1 Woowu
42%
S2 Militia Scunt
40%
S1 Matante Alex
38%
S1 Novaczar
38%
S1 Aria B Cassadine
35%
S2 Miss Sistrata
35%
S1 Chy'enne Valentino
33%
S1 Betty Bitschlap
31%
No matching quizzes found
Score Distribution
Percent of People with Each Score
Percentile by Number Answered
Your Score History
You have not taken this quiz since the last reset